Statistics for 历届美国总统

Click here to take the quiz!

General Stats

  • This quiz has been taken 128 times
  • The average score is 23 of 45

Answer Stats

TermPresident% Correct
2021–乔·拜登
100%
2017–2021唐纳德·特朗普
100%
2009–2017贝拉克·奥巴马
99%
1901–1909西奥多·罗斯福
97%
1933–1945富兰克林·罗斯福
97%
1989–1993乔治·H·W·布什
97%
1789–1797乔治·华盛顿
96%
1861–1865亚伯拉罕·林肯
90%
2001–2009乔治·W·布什
89%
1993–2001比尔·克林顿
86%
1953–1961德怀特·艾森豪威尔
82%
1981–1989罗纳德·里根
82%
1969–1974理查德·尼克松
81%
1961–1963约翰·肯尼迪
81%
1945–1953哈利·杜鲁门
80%
1929–1933赫伯特·胡佛
79%
1977–1981吉米·卡特
75%
1865–1869安德鲁·约翰逊
72%
1963–1969林登·约翰逊
72%
1974–1977杰拉尔德·福特
64%
1801–1809托马斯·杰斐逊
57%
1913–1921伍德罗·威尔逊
53%
1923–1929开尔文·柯立芝
49%
1797–1801约翰·亚当斯
35%
1825–1829约翰·昆西·亚当斯
35%
1817–1825詹姆斯·门罗
34%
1829–1837安德鲁·杰克逊
24%
1921–1923沃伦·加梅利尔·哈丁
23%
1809–1817詹姆斯·麦迪逊
22%
1897–1901威廉·麦金莱
21%
1881詹姆斯·艾布拉姆·加菲尔德
19%
1869–1877尤利西斯·格兰特
19%
1885–1889, 1893–1897格罗弗·克利夫兰
19%
1857–1861詹姆斯·布坎南
15%
1849–1850扎卡里·泰勒
15%
1841–1845约翰·泰勒
15%
1889–1893本杰明·哈里森
12%
1841威廉·亨利·哈里森
12%
1881–1885切斯特·艾伦·阿瑟
10%
1850–1853米勒德·菲尔莫尔
9%
1877–1881拉瑟福德·伯查德·海斯
8%
1845–1849詹姆斯·诺克斯·波尔克
8%
1837–1841马丁·范布伦
8%
1909–1913威廉·霍华德·塔夫托
7%
1853–1857富兰克林·皮尔斯
6%

Score Distribution

Percentile by Number Answered

Percent of People with Each Score

Your Score History

You have not taken this quiz